[Event "DEM U10 2023"]
[Site "Willingen GER"]
[Date "2023.05.28"]
[Round "2"]
[White "Moskalenko, Michael"]
[Black "Lange, Fynn Jeremy"]
[Result "0-1"]
[Termination "normal"]
[Board "9"]
[WhiteElo "1243"]
[BlackElo "1616"]
[WhiteClock "00:14:30"]
[BlackClock "00:53:34"]
[PlyCount "110"]
[WhiteFideId "34608877"]
[BlackFideId "34616365"]
[EventCountry "GER"]
[EventRounds "11"]
[EventType "swiss"]
[EventDate "2023.05.27"]

1. d4 {[%clk 01:15:58]} d5 {[%clk 01:15:55]} {[%emt 00:00:06]} 2. c4 {[%clk
01:16:23]} {[%emt 00:00:05]} e6 {[%clk 01:16:22]} {[%emt 00:00:03]} 3. Nf3
{[%clk 01:16:50]} {[%emt 00:00:03]} Nf6 {[%clk 01:16:41]} {[%emt 00:00:11]} 4.
Nc3 {[%clk 01:17:11]} {[%emt 00:00:10]} Be7 {[%clk 01:16:46]} {[%emt 00:00:24]}
5. Bg5 {[%clk 01:17:28]} {[%emt 00:00:12]} h6 {[%clk 01:16:46]} {[%emt
00:00:31]} 6. Bh4 {[%clk 01:17:46]} {[%emt 00:00:12]} O-O {[%clk 01:16:34]}
{[%emt 00:00:41]} 7. e3 {[%clk 01:18:02]} {[%emt 00:00:15]} b6 {[%clk
01:16:01]} {[%emt 00:01:04]} 8. Bd3 {[%clk 01:17:39]} {[%emt 00:00:53]} Bb7
{[%clk 01:15:42]} {[%emt 00:00:48]} 9. O-O {[%clk 01:17:15]} {[%emt 00:00:54]}
Nbd7 {[%clk 01:14:58]} {[%emt 00:01:13]} 10. cxd5 {[%clk 01:15:49]} {[%emt
00:01:58]} Nxd5 {[%clk 01:15:14]} {[%emt 00:00:13]} 11. Bxe7 {[%clk 01:11:41]}
{[%emt 00:04:39]} Qxe7 {[%clk 01:15:22]} {[%emt 00:00:20]} 12. Nxd5 {[%clk
01:11:35]} {[%emt 00:00:37]} Bxd5 {[%clk 01:15:02]} {[%emt 00:00:50]} 13. a3
{[%clk 01:08:41]} {[%emt 00:03:24]} c5 {[%clk 01:12:56]} {[%emt 00:02:35]} 14.
Qe2 {[%clk 00:59:31]} {[%emt 00:09:40]} Rad8 {[%clk 01:10:17]} {[%emt
00:03:08]} 15. Bc4 {[%clk 00:55:40]} {[%emt 00:04:23]} Bxf3 {[%clk 01:07:30]}
{[%emt 00:03:16]} 16. Qxf3 {[%clk 00:55:23]} {[%emt 00:00:47]} cxd4 {[%clk
01:07:51]} {[%emt 00:00:10]} 17. exd4 {[%clk 00:55:43]} {[%emt 00:00:10]} Nf6
{[%clk 01:08:02]} {[%emt 00:00:19]} 18. Rad1 {[%clk 00:54:16]} {[%emt
00:01:57]} Nd5 {[%clk 01:04:46]} {[%emt 00:03:46]} 19. Rfe1 {[%clk 00:52:52]}
{[%emt 00:01:54]} Qc7 {[%clk 01:03:51]} {[%emt 00:01:25]} 20. Bxd5 {[%clk
00:48:55]} {[%emt 00:04:26]} Rxd5 {[%clk 01:04:14]} {[%emt 00:00:08]} 21. Qc3
{[%clk 00:46:25]} {[%emt 00:03:00]} Qd7 {[%clk 01:03:29]} {[%emt 00:01:13]} 22.
Rd3 {[%clk 00:42:56]} {[%emt 00:04:01]} Rd8 {[%clk 01:03:40]} {[%emt 00:00:19]}
23. Red1 {[%clk 00:42:54]} {[%emt 00:00:32]} e5 {[%clk 01:03:34]} {[%emt
00:00:36]} 24. h3 {[%clk 00:40:18]} {[%emt 00:03:05]} exd4 {[%clk 01:01:48]}
{[%emt 00:02:17]} 25. Qd2 {[%clk 00:40:05]} {[%emt 00:00:44]} Qd6 {[%clk
01:01:00]} {[%emt 00:01:18]} 26. g3 {[%clk 00:36:54]} {[%emt 00:03:40]} Qe6
{[%clk 00:59:31]} {[%emt 00:01:58]} 27. Kh2 {[%clk 00:34:00]} {[%emt 00:03:24]}
Rh5 {[%clk 00:59:35]} {[%emt 00:00:26]} 28. h4 {[%clk 00:31:46]} {[%emt
00:02:45]} Rhd5 {[%clk 00:59:18]} {[%emt 00:00:47]} 29. Qf4 {[%clk 00:29:00]}
{[%emt 00:03:16]} g5 {[%clk 00:53:16]} {[%emt 00:06:32]} 30. hxg5 {[%clk
00:27:43]} {[%emt 00:01:47]} hxg5 {[%clk 00:53:36]} {[%emt 00:00:09]} 31. Qd2
{[%clk 00:27:24]} {[%emt 00:00:50]} Kg7 {[%clk 00:52:41]} {[%emt 00:01:25]} 32.
Kg2 {[%clk 00:23:08]} {[%emt 00:04:45]} Qe4+ {[%clk 00:46:29]} {[%emt
00:06:42]} 33. f3 {[%clk 00:21:53]} {[%emt 00:01:45]} Qe6 {[%clk 00:45:36]}
{[%emt 00:01:24]} 34. Qf2 {[%clk 00:20:01]} {[%emt 00:02:22]} Rh8 {[%clk
00:44:07]} {[%emt 00:01:58]} 35. Rh1 {[%clk 00:18:55]} {[%emt 00:01:36]} Rxh1
{[%clk 00:41:58]} {[%emt 00:02:40]} 36. Kxh1 {[%clk 00:18:24]} {[%emt
00:01:01]} Qh3+ {[%clk 00:41:56]} {[%emt 00:00:32]} 37. Kg1 {[%clk 00:18:46]}
{[%emt 00:00:08]} Kg6 {[%clk 00:40:33]} {[%emt 00:01:53]} 38. g4 {[%clk
00:12:33]} {[%emt 00:06:43]} Rc5 {[%clk 00:39:13]} {[%emt 00:01:49]} 39. Rd1
{[%clk 00:09:48]} {[%emt 00:03:15]} d3 {[%clk 00:38:21]} {[%emt 00:01:23]} 40.
Qe3 {[%clk 00:08:19]} {[%emt 00:01:59]} Qg3+ {[%clk 00:38:16]} {[%emt
00:00:35]} 41. Kh1 {[%clk 00:08:09]} {[%emt 00:00:39]} d2 {[%clk 00:36:33]}
{[%emt 00:02:14]} 42. Qxd2 {[%clk 00:01:58]} {[%emt 00:06:40]} Qxf3+ {[%clk
00:36:55]} {[%emt 00:00:08]} 43. Kh2 {[%clk 00:00:45]} {[%emt 00:01:44]} Qxg4
{[%clk 00:35:50]} {[%emt 00:01:34]} 44. Qd6+ {[%clk 00:15:25]} {[%emt
00:00:51]} Kg7 {[%clk 00:51:04]} {[%emt 00:00:16]} 45. Qd4+ {[%clk 00:15:19]}
{[%emt 00:00:35]} Qxd4 {[%clk 00:51:25]} {[%emt 00:00:09]} 46. Rxd4 {[%clk
00:15:32]} {[%emt 00:00:17]} Rc2+ {[%clk 00:51:53]} {[%emt 00:00:02]} 47. Kg3
{[%clk 00:15:55]} {[%emt 00:00:08]} Rxb2 {[%clk 00:52:18]} {[%emt 00:00:05]}
48. Ra4 {[%clk 00:16:19]} {[%emt 00:00:06]} a5 {[%clk 00:52:37]} {[%emt
00:00:11]} 49. Kg4 {[%clk 00:15:53]} {[%emt 00:00:55]} Kg6 {[%clk 00:52:44]}
{[%emt 00:00:24]} 50. Rd4 {[%clk 00:15:39]} {[%emt 00:00:43]} f5+ {[%clk
00:52:25]} {[%emt 00:00:50]} 51. Kf3 {[%clk 00:15:50]} {[%emt 00:00:19]} Rb3+
{[%clk 00:52:50]} {[%emt 00:00:05]} 52. Kg2 {[%clk 00:16:13]} {[%emt 00:00:07]}
Kh5 {[%clk 00:52:47]} {[%emt 00:00:33]} 53. a4 {[%clk 00:15:59]} {[%emt
00:00:44]} Rb4 {[%clk 00:53:12]} {[%emt 00:00:05]} 54. Rd6 {[%clk 00:15:22]}
{[%emt 00:01:06]} Kg4 {[%clk 00:53:34]} {[%emt 00:00:08]} 55. Rd2 {[%clk
00:14:30]} {[%emt 00:01:22]} Rxa4 {[%emt 00:02:06]} 0-1

[Event "DEM U10 2023"]
[Site "Willingen GER"]
[Date "2023.05.28"]
[Round "2"]
[White "Hoppe, Arthur"]
[Black "Pawlak, Antoni"]
[Result "0-1"]
[Termination "normal"]
[Board "10"]
[WhiteElo "1430"]
[BlackElo "1323"]
[WhiteClock "00:40:13"]
[BlackClock "00:23:52"]
[PlyCount "92"]
[WhiteFideId "34618910"]
[BlackFideId "34605460"]
[EventCountry "GER"]
[EventRounds "11"]
[EventType "swiss"]
[EventDate "2023.05.27"]

1. d4 {[%clk 01:16:00]} {[%emt 02:59:04]} d5 {[%clk 01:15:54]} {[%emt
00:00:07]} 2. c4 {[%clk 01:16:26]} {[%emt 00:00:04]} Nc6 {[%clk 01:16:19]}
{[%emt 00:00:04]} 3. Nf3 {[%clk 01:16:14]} {[%emt 00:00:42]} Bg4 {[%clk
01:16:38]} {[%emt 00:00:11]} 4. e3 {[%clk 01:16:38]} {[%emt 00:00:07]} e6
{[%clk 01:09:11]} {[%emt 00:07:57]} 5. cxd5 {[%clk 01:14:41]} {[%emt 00:02:27]}
exd5 {[%clk 01:09:32]} {[%emt 00:00:08]} 6. Bb5 {[%clk 01:15:06]} {[%emt
00:00:05]} Bd6 {[%clk 01:04:14]} {[%emt 00:05:48]} 7. Qa4 {[%clk 01:13:48]}
{[%emt 00:01:48]} Qd7 {[%clk 01:03:48]} {[%emt 00:00:56]} 8. Nc3 {[%clk
01:12:27]} {[%emt 00:01:51]} Nf6 {[%clk 01:03:12]} {[%emt 00:01:06]} 9. Ne5
{[%clk 01:12:47]} {[%emt 00:00:10]} Bxe5 {[%clk 01:02:41]} {[%emt 00:01:01]}
10. dxe5 {[%clk 01:12:37]} {[%emt 00:00:40]} Ne4 {[%clk 01:02:50]} {[%emt
00:00:21]} 11. Nxe4 {[%clk 01:07:41]} {[%emt 00:05:27]} dxe4 {[%clk 01:03:13]}
{[%emt 00:00:07]} 12. h3 {[%clk 01:07:57]} {[%emt 00:00:13]} Bh5 {[%clk
01:02:40]} {[%emt 00:01:03]} 13. g4 {[%clk 01:06:51]} {[%emt 00:01:35]} Bg6
{[%clk 01:02:55]} {[%emt 00:00:16]} 14. Bd2 {[%emt 00:01:47]} O-O-O {[%clk
01:00:28]} {[%emt 00:02:55]} 15. O-O-O {[%clk 01:03:38]} {[%emt 00:02:28]} a6
{[%clk 00:58:08]} {[%emt 00:02:50]} 16. Bc3 {[%clk 01:01:03]} {[%emt 00:03:05]}
Qe6 {[%clk 00:53:30]} {[%emt 00:05:07]} 17. Bc4 {[%clk 00:58:39]} {[%emt
00:02:55]} Qe7 {[%clk 00:53:48]} {[%emt 00:00:12]} 18. Bxa6 {[%clk 00:56:37]}
{[%emt 00:02:32]} Nxe5 {[%clk 00:53:43]} {[%emt 00:00:35]} 19. Bxb7+ {[%clk
00:57:02]} {[%emt 00:00:06]} Kxb7 {[%clk 00:52:01]} {[%emt 00:02:11]} 20. Qb5+
{[%clk 00:57:18]} {[%emt 00:00:13]} Kc8 {[%clk 00:52:14]} {[%emt 00:00:17]} 21.
Qxe5 {[%clk 00:57:27]} {[%emt 00:00:22]} Qxe5 {[%clk 00:51:00]} {[%emt
00:01:44]} 22. Bxe5 {[%clk 00:57:52]} {[%emt 00:00:05]} f6 {[%clk 00:51:11]}
{[%emt 00:00:19]} 23. Bd4 {[%clk 00:58:20]} {[%emt 00:00:02]} Rd7 {[%clk
00:51:03]} {[%emt 00:00:38]} 24. Rd2 {[%clk 00:57:57]} {[%emt 00:00:54]} Rhd8
{[%clk 00:50:48]} {[%emt 00:00:44]} 25. Rc2 {[%clk 00:55:06]} {[%emt 00:03:21]}
Bf7 {[%clk 00:49:00]} {[%emt 00:02:17]} 26. b3 {[%clk 00:54:53]} {[%emt
00:00:44]} Be6 {[%clk 00:39:57]} {[%emt 00:09:30]} 27. Kb2 {[%clk 00:52:52]}
{[%emt 00:02:34]} f5 {[%clk 00:36:28]} {[%emt 00:03:58]} 28. Rc5 {[%clk
00:50:34]} {[%emt 00:02:49]} fxg4 {[%clk 00:36:41]} {[%emt 00:00:17]} 29. hxg4
{[%clk 00:50:59]} {[%emt 00:00:04]} h6 {[%clk 00:36:00]} {[%emt 00:01:11]} 30.
g5 {[%clk 00:49:38]} {[%emt 00:01:52]} hxg5 {[%clk 00:34:18]} {[%emt 00:02:11]}
31. Rxg5 {[%clk 00:49:59]} {[%emt 00:00:11]} Rg8 {[%clk 00:33:23]} {[%emt
00:01:22]} 32. Ra5 {[%clk 00:46:44]} {[%emt 00:03:47]} Kb8 {[%clk 00:30:58]}
{[%emt 00:02:52]} 33. Re5 {[%clk 00:44:30]} {[%emt 00:02:47]} Bd5 {[%clk
00:30:25]} {[%emt 00:00:56]} 34. Rhh5 {[%clk 00:43:53]} {[%emt 00:01:13]} Bb7
{[%clk 00:30:11]} {[%emt 00:00:44]} 35. Rhf5 {[%clk 00:40:26]} {[%emt
00:03:58]} g6 {[%clk 00:28:26]} {[%emt 00:02:14]} 36. Rf6 {[%clk 00:40:44]}
{[%emt 00:00:13]} g5 {[%clk 00:28:36]} {[%emt 00:00:19]} 37. Rff5 {[%clk
00:40:59]} {[%emt 00:00:15]} g4 {[%clk 00:27:36]} {[%emt 00:01:30]} 38. Rg5
{[%clk 00:41:27]} {[%emt 00:00:03]} Rf8 {[%clk 00:27:27]} {[%emt 00:00:39]} 39.
Ref5 {[%clk 00:40:47]} {[%emt 00:01:10]} Rxf5 {[%clk 00:25:26]} {[%emt
00:02:30]} 40. Rxf5 {[%clk 00:41:14]} {[%emt 00:00:03]} Bc8 {[%clk 00:25:34]}
{[%emt 00:00:22]} 41. Rf4 {[%clk 00:41:15]} {[%emt 00:00:29]} Re7 {[%clk
00:25:43]} {[%emt 00:00:21]} 42. a4 {[%clk 00:41:17]} {[%emt 00:00:29]} Rh7
{[%clk 00:23:56]} {[%emt 00:02:15]} 43. Rxe4 {[%clk 00:39:26]} {[%emt
00:02:22]} Rh2 {[%clk 00:23:44]} {[%emt 00:00:42]} 44. Rf4 {[%clk 00:39:54]}
{[%emt 00:00:03]} g3 {[%clk 00:23:39]} {[%emt 00:00:35]} 45. e4 {[%clk
00:39:57]} {[%emt 00:00:27]} g2 {[%clk 00:23:52]} {[%emt 00:00:16]} 46. Rg4
{[%clk 00:40:13]} {[%emt 00:00:15]} Bxg4 {[%emt 00:00:11]} 0-1

[Event "DEM U10 2023"]
[Site "Willingen GER"]
[Date "2023.05.28"]
[Round "2"]
[White "Heins, Simon"]
[Black "Cremann, Jannis"]
[Result "1-0"]
[Termination "normal"]
[Board "11"]
[WhiteElo "1592"]
[BlackElo "1324"]
[WhiteClock "01:21:36"]
[BlackClock "01:15:28"]
[PlyCount "51"]
[WhiteFideId "34660194"]
[BlackFideId "34660178"]
[EventCountry "GER"]
[EventRounds "11"]
[EventType "swiss"]
[EventDate "2023.05.27"]

1. e4 {[%clk 01:15:58]} {[%emt 00:00:01]} e5 {[%clk 01:15:53]} {[%emt
00:00:07]} 2. Nf3 {[%clk 01:16:23]} {[%emt 00:00:05]} Nc6 {[%clk 01:16:16]}
{[%emt 00:00:07]} 3. Bc4 {[%clk 01:16:48]} {[%emt 00:00:05]} Nf6 {[%clk
01:16:33]} {[%emt 00:00:14]} 4. d3 {[%clk 01:17:06]} {[%emt 00:00:11]} h6
{[%clk 01:16:41]} {[%emt 00:00:22]} 5. Nc3 {[%clk 01:17:28]} {[%emt 00:00:08]}
Bb4 {[%clk 01:16:51]} {[%emt 00:00:19]} 6. a3 {[%clk 01:17:46]} {[%emt
00:00:14]} Bc5 {[%clk 01:17:00]} {[%emt 00:00:21]} 7. b4 {[%clk 01:18:09]}
{[%emt 00:00:07]} Bb6 {[%clk 01:16:34]} {[%emt 00:00:55]} 8. b5 {[%clk
01:18:29]} {[%emt 00:00:10]} Ne7 {[%clk 01:16:32]} {[%emt 00:00:32]} 9. Nxe5
{[%clk 01:18:24]} {[%emt 00:00:36]} Bd4 {[%clk 01:16:45]} {[%emt 00:00:17]} 10.
Nxf7 {[%clk 01:18:37]} {[%emt 00:00:16]} Bxc3+ {[%clk 01:16:29]} {[%emt
00:00:47]} 11. Bd2 {[%clk 01:18:53]} {[%emt 00:00:13]} Bxa1 {[%clk 01:16:12]}
{[%emt 00:00:47]} 12. Nxd8 {[%clk 01:18:56]} {[%emt 00:00:26]} Bd4 {[%clk
01:16:03]} {[%emt 00:00:41]} 13. Nf7 {[%clk 01:19:02]} {[%emt 00:00:24]} Rf8
{[%clk 01:16:23]} {[%emt 00:00:09]} 14. c3 {[%clk 01:19:24]} {[%emt 00:00:08]}
Bc5 {[%clk 01:16:01]} {[%emt 00:00:53]} 15. Ne5 {[%clk 01:19:23]} {[%emt
00:00:31]} Bxf2+ {[%clk 01:15:55]} {[%emt 00:00:36]} 16. Kxf2 {[%clk 01:19:32]}
{[%emt 00:00:21]} Ng4+ {[%clk 01:15:11]} {[%emt 00:01:14]} 17. Ke1 {[%clk
01:19:39]} {[%emt 00:00:22]} Nxe5 {[%clk 01:15:19]} {[%emt 00:00:21]} 18. Qh5+
{[%clk 01:19:38]} {[%emt 00:00:32]} N7g6 {[%clk 01:15:12]} {[%emt 00:00:37]}
19. d4 {[%clk 01:19:32]} {[%emt 00:00:36]} Nxc4 {[%clk 01:15:13]} {[%emt
00:00:29]} 20. Qxg6+ {[%clk 01:19:57]} {[%emt 00:00:06]} Ke7 {[%clk 01:15:27]}
{[%emt 00:00:15]} 21. Qxg7+ {[%clk 01:20:18]} {[%emt 00:00:09]} Rf7 {[%clk
01:15:32]} {[%emt 00:00:23]} 22. Qxh6 {[%clk 01:20:39]} {[%emt 00:00:11]} Nxd2
{[%clk 01:15:34]} {[%emt 00:00:28]} 23. Kxd2 {[%clk 01:20:54]} {[%emt
00:00:14]} d6 {[%clk 01:15:36]} {[%emt 00:00:30]} 24. Qg5+ {[%clk 01:21:07]}
{[%emt 00:00:16]} Ke8 {[%clk 01:15:39]} {[%emt 00:00:27]} 25. e5 {[%clk
01:21:20]} {[%emt 00:00:17]} Be6 {[%clk 01:15:28]} {[%emt 00:00:42]} 26. Qg8+
{[%clk 01:21:36]} {[%emt 00:00:13]} 1-0

[Event "DEM U10 2023"]
[Site "Willingen GER"]
[Date "2023.05.28"]
[Round "2"]
[White "Ziem, Ole"]
[Black "Meitzner, Jonathan Franz"]
[Result "0-1"]
[Termination "normal"]
[Board "12"]
[WhiteElo "1312"]
[BlackElo "1314"]
[WhiteClock "00:51:21"]
[BlackClock "00:15:37"]
[PlyCount "69"]
[WhiteFideId "34624791"]
[BlackFideId "34616110"]
[EventCountry "GER"]
[EventRounds "11"]
[EventType "swiss"]
[EventDate "2023.05.27"]

1. e4 {[%clk 01:15:59]} {[%emt 00:00:01]} c5 {[%clk 01:15:53]} {[%emt
00:00:07]} 2. Nf3 {[%clk 01:16:23]} {[%emt 00:00:05]} d6 {[%clk 01:16:17]}
{[%emt 00:00:06]} 3. d4 {[%clk 01:16:51]} {[%emt 00:00:03]} cxd4 {[%clk
01:16:41]} {[%emt 00:00:06]} 4. Nxd4 {[%clk 01:17:20]} {[%emt 00:00:02]} Nf6
{[%clk 01:16:57]} {[%emt 00:00:13]} 5. Nc3 {[%clk 01:17:37]} {[%emt 00:00:14]}
a6 {[%clk 01:17:13]} {[%emt 00:00:12]} 6. Qd3 {[%clk 01:17:37]} {[%emt
00:00:30]} g6 {[%clk 01:16:57]} {[%emt 00:00:46]} 7. Bg5 {[%clk 01:17:16]}
{[%emt 00:00:52]} Bg7 {[%clk 01:16:57]} {[%emt 00:00:29]} 8. Be2 {[%clk
01:17:11]} {[%emt 00:00:35]} O-O {[%clk 01:17:01]} {[%emt 00:00:26]} 9. O-O-O
{[%clk 01:16:26]} {[%emt 00:01:15]} Nc6 {[%clk 01:15:40]} {[%emt 00:01:51]} 10.
Nxc6 {[%clk 01:16:12]} {[%emt 00:00:45]} bxc6 {[%clk 01:15:47]} {[%emt
00:00:23]} 11. e5 {[%clk 01:16:30]} {[%emt 00:00:11]} Ne8 {[%clk 01:14:45]}
{[%emt 00:01:32]} 12. exd6 {[%clk 01:16:00]} {[%emt 00:01:00]} Nxd6 {[%clk
01:14:08]} {[%emt 00:01:07]} 13. Bf3 {[%clk 01:15:56]} {[%emt 00:00:35]} Bf5
{[%clk 01:13:38]} {[%emt 00:00:59]} 14. Qe3 {[%clk 01:15:20]} {[%emt 00:01:06]}
Qb8 {[%clk 01:11:01]} {[%emt 00:03:08]} 15. Qc5 {[%clk 01:06:43]} {[%emt
00:09:06]} Nb5 {[%clk 00:45:19]} {[%emt 00:26:12]} 16. Nxb5 {[%clk 01:04:46]}
{[%emt 00:02:27]} axb5 {[%clk 00:45:14]} {[%emt 00:00:35]} 17. a3 {[%clk
01:03:37]} {[%emt 00:01:40]} Ra4 {[%clk 00:37:45]} {[%emt 00:07:55]} 18. b3
{[%clk 00:59:57]} {[%emt 00:04:14]} Ra6 {[%clk 00:33:50]} {[%emt 00:04:24]} 19.
Bxe7 {[%clk 00:56:24]} {[%emt 00:04:04]} Re8 {[%clk 00:31:21]} {[%emt
00:02:57]} 20. Rhe1 {[%clk 00:55:58]} {[%emt 00:00:58]} Bh6+ {[%clk 00:29:12]}
{[%emt 00:02:38]} 21. Kb1 {[%clk 00:56:21]} {[%emt 00:00:08]} Be6 {[%clk
00:21:26]} {[%emt 00:08:16]} 22. Bf6 {[%clk 00:49:44]} {[%emt 00:07:06]} Bf8
{[%clk 00:16:56]} {[%emt 00:05:00]} 23. Qc3 {[%clk 00:44:59]} {[%emt 00:05:16]}
b4 {[%clk 00:16:21]} {[%emt 00:01:05]} 24. Qd3 {[%clk 00:44:22]} {[%emt
00:01:07]} Rxa3 {[%clk 00:13:10]} {[%emt 00:03:41]} 25. h4 {[%clk 00:44:36]}
{[%emt 00:00:15]} c5 {[%clk 00:10:41]} {[%emt 00:03:00]} 26. h5 {[%clk
00:44:31]} {[%emt 00:00:35]} c4 {[%clk 00:10:29]} {[%emt 00:00:42]} 27. Qe4
{[%clk 00:41:34]} {[%emt 00:03:27]} cxb3 {[%clk 00:06:53]} {[%emt 00:04:05]}
28. hxg6 {[%emt 00:07:39]} bxc2+ {[%clk 00:04:01]} {[%emt 00:00:04]} 29. Qxc2
{[%clk 00:37:55]} {[%emt 00:00:18]} hxg6 {[%clk 00:00:39]} {[%emt 00:03:53]}
30. Rh1 {[%clk 00:37:33]} {[%emt 00:00:51]} Bg7 {[%clk 00:15:05]} {[%emt
00:01:04]} 31. Bxg7 {[%clk 00:52:53]} {[%emt 00:00:10]} Kxg7 {[%clk 00:15:24]}
{[%emt 00:00:12]} 32. Qb2+ {[%clk 00:53:00]} {[%emt 00:00:23]} f6 {[%clk
00:15:30]} {[%emt 00:00:24]} 33. Bd5 {[%clk 00:51:23]} {[%emt 00:02:07]} Bf5+
{[%clk 00:15:21]} {[%emt 00:00:39]} 34. Kc1 {[%clk 00:51:35]} {[%emt 00:00:18]}
Rc3+ {[%clk 00:15:37]} {[%emt 00:00:14]} 35. Kd2 {[%clk 00:51:21]} {[%emt
00:00:44]} 0-1